| 000 | 00620nam a2200205Ia 4500 | ||
|---|---|---|---|
| 003 | GCL | ||
| 008 | 140319s9999 xx 000 0 ara d | ||
| 040 |
_aGCL / _cGCL |
||
| 082 | 0 | 4 |
_a810.903 _bم ا |
| 100 | 1 | _aلوسى يعقوب | |
| 245 | 1 | 0 |
_aالملامح الخفية لجبران و مى / _cلوسى يعقوب |
| 260 |
_a[S.N] : _bالمؤسسة العربية الحديثة |
||
| 300 | _a22 ص | ||
| 490 |
_aادبيات _v0 |
||
| 650 | 0 | 4 | _aالادب العربى |
| 650 | 0 | 4 | _aجبران خليل جبران |
| 650 | 0 | 4 | _aمى زيادة |
| 650 | 0 | 4 | _aالشعراء - تراجم |
| 942 |
_2ddc _cBK |
||
| 999 |
_c34773 _d34773 |
||